Three great economists

Αποθηκεύτηκε σε:
Λεπτομέρειες βιβλιογραφικής εγγραφής
Κύριος συγγραφέας: Raphael, D. D. (David Daiches), 1916-2015
Άλλοι συγγραφείς: Winch, Donald, Skidelsky, Robert, 1939-
Μορφή: Βιβλίο
Γλώσσα:English
Δημοσίευση: Oxford : Oxford University Press, 1997
Σειρά:Past masters
Θέματα:
Ετικέτες: Προσθήκη ετικέτας
Δεν υπάρχουν, Καταχωρήστε ετικέτα πρώτοι!

MARC

LEADER 00000cam a2200000 i 4500
001 1/89113
008 990908s1997 eng d
020 |a 0-19-287694-5 
035 |l 10052704 
040 |a GR-MY-UA  |b gre  |e aacr 
041 0 |a eng 
082 0 |a 330.092241 
100 1 |a Raphael, D. D.   |q (David Daiches),   |d 1916-2015. 
245 1 0 |a Three great economists /  |c D. D. Raphael; Donald Winch; Robert Skidelsky 
260 |a Oxford :   |b Oxford University Press,   |c 1997 
300 |a 382 p. 
490 1 |a Past masters 
505 0 |a Smith/D. D. Raphael--Malthus/Donald Winch--Keynes/Robert Skidelsky 
600 1 0 |a Smith, Adam,   |d 1723-1790. 
600 1 0 |a Malthus, T. R.   |q (Thomas Robert),   |d 1766-1834. 
600 1 0 |a Keynes, John Maynard,   |d 1883-1946. 
650 0 0 |a Economists  |z Great Britain. 
650 0 0 |a Economics  |x History. 
700 1 |a Winch, Donald. 
700 1 |a Skidelsky, Robert,   |d 1939- 
830 0 |a Past masters 
852 |a INST  |b LESVOS  |e 19990908  |h 330.092241 RAP  |p 005100015840  |q 005100015840  |t BK  |y 0 
901 |a BIBL1-1999-2 
909 |a Λ  |b 067014 
970 |z 1999/09/08  |a ΚΑΜΑΤΣΟΥ  |b ΔΕΣΠΟΙΝΑ